000 01224nam a22003377a 4500
003 CHAP
005 20220817044524.0
008 120523s2009 mx r 00010 spa d
010 _a103199
011 _a104171
035 _a114860
040 _cCHAP
090 _aTesis
100 1 _aReyes Ochoa, Francisco Javier
_996931
245 1 0 _aEstablecimiento, determinación de la biomasa y de la composición química del huamúchil (pithecellobium dulce), manejado en forma de arbustiva
_c/por Francisco Javier Reyes Ochoa
260 _aCocula, Gro. :
_bEl autor,
_c2009
300 _a59 h. : il.
502 _aTesis (Ing.Agr.Zootecnista) -- CSAGRO. Centros de Estudios Profesionales
590 _aALEPH
_b10
_c20130110
_lUCH01
_h1544
590 _aBATCH-UPD
_b10
_c20130110
_lUCH01
_h1815
590 _aBATCH-UPD
_b10
_c20130410
_lUCH01
_h1150
590 _aBATCH-UPD
_b10
_c20130914
_lUCH01
_h1432
590 _aCONVERSION
_b10
_c20130109
_lUCH01
_h1357
650 0 4 _aForrajes.
650 0 4 _aForrajes
_xComposición.
_942563
650 0 4 _aGanado cabrío.
_944988
650 0 4 _aPithecellobium dulce.
_988583
901 _aBK
942 _cTESIS
949 _aTesis
_bBC
_cTES
_d33724002333702
_eTS1
_gDonaciØn
_h53399
_i114860
_sb
999 _c103199
_d103199